000 00443nam a2200145Ia 4500
008 100122s9999 xx 000 0 und d
082 _b17298
_a823.08
100 _aहसमनीस द का
245 _aदुसरी दिशा
260 _bनवमहाराष्ट्र प्रकाशन
_c1971
300 _a131
630 _aदुसरी दिशा
730 _aदुसरी दिशा
942 _cBOOK
999 _c407065
_d407062